000 00607nam a2200157Ia 4500
008 231221s9999 xx 000 0 und d
020 _a978-3-540-31805-7
041 _aEnglish
100 _aIngemar J. Cox, Ton Kalker, Heung-Kyu Lee
245 0 _aDigital Watermarking
260 _c2005
_bSpringer US
_aNew York
440 _aLecture Notes in Computer Science
650 _aComputer Science
650 _aData Encryption; Operating Systems; Management of Computing and Information Systems; Computers and Society; Multimedia Information Systems; Algorithm Analysis and Problem Complexity
942 _cEB
999 _c220956
_d220956